Top 100 der wertvollsten Fußballclubs (2024) - Statistiken

Allgemein
  • Dieses Quiz wurde 859 mal gespielt
    811 seit der letzten Aktualisierung
  • Das Durchschnittsergebnis liegt bei 48 aus 100
Antwortstatistiken
Land/Wert des Vereins Antwort % Korrekt
England (1,27 Mrd) Manchester City
98%
Spanien (1,04 Mrd) Real Madrid
98%
England (734,25 Mio) Manchester United
96%
England (921,40 Mio) Liverpool
95%
Spanien (839,50 Mio) Barcelona
94%
Deutschland (929,45 Mio) Bayern München
94%
England (1,12 Mrd) Arsenal
93%
England (928,30 Mio) Chelsea
93%
Frankreich (1,02 Mrd) PSG
91%
Italien (622,35 Mio) Inter Mailand
88%
England (777,30 Mio) Tottenham
86%
Italien (490,20 Mio) Juventus
85%
Italien (533,45 Mio) AC Mailand
84%
Deutschland (463,70 Mio) Borussia Dortmund
84%
Deutschland (594,55 Mio) Leverkusen
82%
Spanien (417,80 Mio) Atletico Madrid
79%
England (646,20 Mio) Aston Villa
77%
Deutschland (496,90 Mio) Leipzig
77%
England (637,70 Mio) Newcastle
77%
Italien (513,15 Mio) Neapel
71%
Niederlande (219,30 Mio) Ajax Amsterdam
69%
Italien (327,65 Mio) AS Rom
69%
Frankreich (231,35 Mio) Marseille
69%
Frankreich (238,80 Mio) Lyon
67%
Deutschland (240,85 Mio) Frankfurt
66%
Portugal (283,60 Mio) Porto
66%
Portugal (360,75 Mio) Benfica Lissabon
65%
Türkei (193,38 Mio) Galatasaray
65%
Spanien (212,00 Mio) Sevilla
65%
Portugal (329,30 Mio) Sporting Lissabon
65%
England (446,60 Mio) West Ham
65%
Deutschland (277,90 Mio) Stuttgart
62%
Italien (227,63 Mio) Lazio Rom
61%
England (345,40 Mio) Everton
57%
Frankreich (347,20 Mio) Monaco
57%
England (505,10 Mio) Brighton
56%
England (369,65 Mio) Nottingham
56%
Spanien (215,95 Mio) Valencia
55%
Deutschland (226,20 Mio) Wolfsburg
55%
Saudi-Arabien (144,03 Mio) Al-Nassr
53%
Saudi-Arabien (242,50 Mio) Al-Hilal
52%
Deutschland (188,20 Mio) Freiburg
52%
Frankreich (249,50 Mio) Lille
50%
Österreich (225,00 Mio) Salzburg
50%
Spanien (213,70 Mio) Villarreal
50%
Türkei (201,45 Mio) Fenerbahce
49%
Deutschland (144,35 Mio) Hoffenheim
49%
Italien (349,60 Mio) Atalanta Bergamo
47%
Türkei (138,93 Mio) Besiktas
47%
Niederlande (318,63 Mio) Eindhoven
47%
England (339,90 Mio) Wolverhampton
47%
England (404,70 Mio) Crystal Palace
46%
England (211,00 Mio) Leicester
46%
Schottland (116,55 Mio) Celtic Glasgow
45%
Niederlande (313,35 Mio) Feyenoord
45%
England (338,00 Mio) Fulham
41%
Deutschland (144,65 Mio) Union Berlin
41%
England (426,08 Mio) Brentford
39%
Spanien (246,80 Mio) Girona
39%
Spanien (480,60 Mio Real Sociedad
39%
Belgien (138,70 Mio) Brügge
38%
Italien (254,55 Mio) Bologna
37%
Italien (248,40 Mio) Florenz
37%
Schottland (108,08 Mio) Glasgow Rangers
37%
Deutschland (122,35 Mio) Augsburg
36%
England (205,60 Mio) Leeds
36%
Deutschland (185,23 Mio) Mönchengladbach
35%
Frankreich (261,80 Mio) Nizza
33%
England (189,90 Mio) Southampton
33%
Spanien (198,50 Mio) Betis Sevilla
32%
England (352,80 Mio) Bournemouth
31%
Portugal (130,60 Mio) Braga
31%
Frankreich (200,85 Mio) Lens
31%
England (256,10 Mio) Burnley
30%
Frankreich (274,65 Mio) Rennes
30%
Belgien (109,50 Mio) Anderlecht
29%
Spanien (261,60 Mio) Athletic Bilbao
29%
Brasilien (164,50 Mio) Flamengo
25%
England (143,75 Mio) Sheffield
22%
Saudi-Arabien (163,70 Mio) Al-Ahli
21%
Italien (181,40 Mio) FC Turin
21%
Belgien (111,05 Mio) Genk
21%
Italien (135,75 Mio) Genua
20%
England (125,10 Mio) Luton
20%
Russland (160,30 Mio) St. Petersburg
19%
Frankreich (122,65 Mio) Straßburg
19%
Italien (135,70 Mio) Udinese
19%
Belgien (108,35 Mio) Antwerpen
16%
Frankreich (118,10 Mio) Reims
16%
Spanien (112,10 Mio) Celta Vigo
15%
Brasilien (110,05 Mio) Fluminense
14%
Italien (140,90 Mio) Sassuolo
12%
Griechenland (109,75 Mio) Olympiacos
10%
Italien (131,30 Mio) Monza
9%
Ukraine (136,50 Mio) Shakhtar Donezk
6%
Russland (103,70 Mio) Krasnodar
4%
Frankreich (106,25 Mio) Lorient
4%
England (104,90 Mio) Hull City
3%
Brasilien (221,75 Mio) Palmeiras Sao Paulo
2%
Brasilien (113,80 Mio) Corinthians Sao Paulo
1%
Keine übereinstimmenden Quizze gefunden
Verteilung der Resultate
Anzahl Personen mit jedem Resultat
Perzentil nach korrekt beantworteten Fragen
Ihre Resultats-Entwicklung
Sie haben dieses Quiz seit der letzten Aktualisierung nicht gespielt